[Event "NED-ch U10"]
[Site "Borne"]
[Date "2013.08.07"]
[Round "6"]
[White "Shomansurov, Amirmalik"]
[Black "Elgersma, Onno"]
[Result "1-0"]
[WhiteElo "1100"]
[BlackElo "716"]
[PlyCount "65"]
[EventDate "2013.04.??"]
[EventType "swiss"]
[EventRounds "12"]
[EventCountry "NED"]
[SourceTitle "EXT 2015"]
[Source "ChessBase"]
[SourceDate "2014.11.20"]
[SourceVersion "1"]
[SourceVersionDate "2014.11.20"]
[SourceQuality "1"]

1. e4 e5 2. Nf3 Bc5 3. Nc3 Nf6 4. Bd3 d6 5. Bc4 Bg4 6. d3 Bd4 7. Bd2 Nc6 8. 0-0 Bxc3 9. Bxc3 d5 10. exd5 Nxd5 11. h3 Nxc3 12. bxc3 Bxf3 13. Qxf3 0-0 14. Rfe1 a6 15. Bd5 Qd6 16. Rab1 Rad8 17. c4 Nd4 18. Qd1 b5 19. c3 c6 20. cxd4 cxd5 21. dxe5 Qd7 22. cxb5 axb5 23. d4 f6 24. e6 Qe7 25. Rxb5 Ra8 26. Rxd5 Rxa2 27. Rd7 Qe8 28. e7 Rf7 29. Qb1 Ra4 30. Rd8 Qxd8 31. exd8Q+ Rf8 32. Qb3+ Kh8 33. Qxf8# 1-0